|
|
|
|
| LEADER |
00000nbm0a2200000 4500 |
| 001 |
71171 |
| 005 |
20231031082413.0 |
| 035 |
|
|
|a (RuTPU)RU\TPU\book\75773
|
| 090 |
|
|
|a 71171
|
| 100 |
|
|
|a 20041210d1981 k y0rusy50 ca
|
| 101 |
0 |
|
|a rus
|
| 102 |
|
|
|a RU
|
| 105 |
|
|
|a a m 001zy
|
| 200 |
1 |
|
|a Разработка и исследование однофазного асинхронного двигателя с экранированными неявновыраженными полюсами
|e диссертация на соискание ученой степени кандидата технических наук
|e Спец. 05.09.01.
|f А. Л. Встовский
|g Новосибирский электротехнический институт; Красноярский политехнический институт; науч. рук.: В. М. Казанский
|
| 210 |
|
|
|a Новосибирск
|a Красноярск
|c [Б. и.]
|d 1981
|
| 215 |
|
|
|a 184 л.
|c ил.
|
| 320 |
|
|
|a Библиогр.: с. 141-150 (108 назв.)
|
| 610 |
1 |
|
|a электрические машины
|
| 610 |
1 |
|
|a разработка
|
| 610 |
1 |
|
|a исследование
|
| 610 |
1 |
|
|a однофазные асинхронные двигатели
|
| 610 |
1 |
|
|a экранирование
|
| 610 |
1 |
|
|a полюса
|
| 610 |
1 |
|
|a диссертации
|
| 675 |
|
|
|a 621.313.333.001.4(048)
|v 3
|
| 686 |
|
|
|a 05.09.01.
|2 oksvnk
|
| 700 |
|
1 |
|a Встовский
|b А. Л.
|g Алексей Львович
|
| 702 |
|
1 |
|a Казанский
|b В. М.
|4 727
|
| 712 |
0 |
2 |
|a Новосибирский электротехнический институт
|2 stltpush
|3 (RuTPU)RU\TPU\col\203
|
| 712 |
0 |
2 |
|a Красноярский политехнический институт
|2 stltpush
|3 (RuTPU)RU\TPU\col\272
|
| 801 |
|
1 |
|a RU
|b 63413507
|c 20041210
|g PSBO
|
| 801 |
|
2 |
|a RU
|b 63413507
|c 20090424
|g PSBO
|
| 942 |
|
|
|c BK
|